| 000 | 00372nam a2200133Ia 4500 | ||
|---|---|---|---|
| 005 | 20260328101447.0 | ||
| 008 | 260328s9999||||xx |||||||||||||| ||und|| | ||
| 100 | _aBak, Peter | ||
| 245 | 0 |
_aDuiker - Arquitecto de una Nueva era : _b Constructor en estuco y acero / _cPeter Bak |
|
| 260 | _bEquipo de Trabajo Duiker | ||
| 300 | _a88 p. | ||
| 650 | _aARQUITECTOS | ||
| 942 | _cBK | ||
| 999 |
_c8518 _d8518 |
||